Statistics for Top 50 certified best-selling artists of all time

Click here to take the quiz!

General Stats

  • This quiz has been taken 195 times
  • The average score is 23 of 50

Answer Stats

Total *Certified* Units SoldAnswer% Correct
286 MillionsThe Beatles
92%
245.7 MillionsMichael Jackson
88%
180.5 MillionsMadonna
74%
229.1 MillionsElvis Presley
73%
233.6 MillionsTaylor Swift
73%
245.7 MillionsEminem
72%
383.6 MillionsDrake
69%
102.7 MillionsBeyoncé
68%
199.1 MillionsElton John
68%
101.6 MillionsThe Rolling Stones
68%
251.3 MillionsJustin Bieber
65%
168.2 MillionsQueen
64%
321.1 MillionsRihanna
64%
121.4 MillionsAdele
60%
127.4 MillionsJay-Z
59%
127.1 MillionsAC/DC
58%
86.2 MillionsPink
54%
227.1 MillionsKanye West
52%
86.1 MillionsBritney Spears
50%
160.9 MillionsKaty Perry
50%
184.4 MillionsMariah Carey
50%
146.6 MillionsWhitney Houston
49%
136.3 MillionsCeline Dion
48%
226.2 MillionsEd Sheeran
48%
121.9 MillionsPink Floyd
48%
155.2 MillionsLady Gaga
47%
142.2 MillionsLed Zeppelin
47%
151.8 MillionsEagles
45%
112.8 MillionsU2
43%
105 MillionsMetallica
42%
136.8 MillionsAriana Grande
39%
107.2 MillionsBruce Springsteen
36%
90.5 MillionsFleetwood Mac
35%
133.7 MillionsBilly Joel
31%
101.6 MillionsColdplay
31%
104.3 MillionsAerosmith
30%
87.4 MillionsBon Jovi
30%
143.2 MillionsNicki Minaj
30%
165.3 MillionsGarth Brooks
29%
164.3 MillionsThe Weeknd
28%
138.3 MillionsMaroon 5
26%
195.9 MillionsBruno Mars
25%
163.8 MillionsLil Wayne
25%
98.5 MillionsRed Hot Chili Peppers
20%
96 MillionsPhil Collins
19%
98.3 MillionsBarbra Streisand
17%
192.2 MillionsChris Brown
16%
91.9 MillionsLinkin Park
11%
85.3 MillionsGeorge Strait
7%
86.1 MillionsB'z
1%

Score Distribution

Percentile by Number Answered

Percent of People with Each Score

Your Score History

You have not taken this quiz